| Tag |
First Indicator |
Second Indicator |
Subfields |
| LEADER |
00000cam a2200000 4500 |
| 001 |
in00000990259 |
| 005 |
20150927180207.0 |
| 008 |
750410c19571956nyu 000 0 eng |
| 010 |
|
|
|a 57005366
|
| 035 |
|
|
|a (OCoLC)01265261
|
| 035 |
|
|
|9 AEY9407AM
|
| 040 |
|
|
|a DLC
|c ORL
|d OCL
|d TXA
|d UtOrBLW
|
| 049 |
|
|
|a TXAM
|
| 050 |
0 |
0 |
|a PR6035
|
| 082 |
0 |
|
|a 821.91
|
| 090 |
|
|
|a PR6035.A37
|b R34 1957
|
| 100 |
1 |
|
|a Raine, Kathleen,
|d 1908-2003.
|
| 245 |
1 |
4 |
|a The collected poems of Kathleen Raine. /
|c Kathleen Raine.
|
| 264 |
|
1 |
|a New York :
|b Random House,
|c [1957]
|
| 264 |
|
4 |
|c ©1956
|
| 300 |
|
|
|a 175 pages ;
|c 21 cm.
|
| 336 |
|
|
|a text
|b txt
|2 rdacontent
|
| 337 |
|
|
|a unmediated
|b n
|2 rdamedia
|
| 338 |
|
|
|a volume
|b nc
|2 rdacarrier
|
| 999 |
|
|
|a MARS
|
| 999 |
f |
f |
|s 572f21a7-2532-3690-943a-48f14ab05ea3
|i 433a3c62-f522-3b5a-acfe-54c0ba42ad94
|t 0
|
| 952 |
f |
f |
|p normal
|a Texas A&M University
|b College Station
|c Sterling C. Evans Library
|d Evans: Library Stacks
|t 0
|e PR6035.A37 R34 1957
|h Library of Congress classification
|i unmediated -- volume
|m A14815275976
|
| 998 |
f |
f |
|a PR6035.A37 R34 1957
|t 0
|l Evans: Library Stacks
|